Normal view
MARC view
- Angelo, Valenti,
Entry Personal Name
001 - CONTROL NUMBER
- control field: 153483
003 - CONTROL NUMBER IDENTIFIER
- control field: DLC
005 - DATE AND TIME OF LATEST TRANSACTION
- control field: 20260409110828.0
008 - FIXED-LENGTH DATA ELEMENTS
- fixed length control field: 800717n| azannaabn |n aaa
010 ## - LIBRARY OF CONGRESS CONTROL NUMBER
- LC control number: n 79115341
035 ## - SYSTEM CONTROL NUMBER
- System control number: (OCoLC)oca00347079
040 ## - CATALOGING SOURCE
- Original cataloging agency: DLC
- Language of cataloging: eng
- Description conventions: rda
- Transcribing agency: DLC
- Modifying agency: DLC
- Modifying agency: CSf
- Modifying agency: Uk
- Modifying agency: DLC
- Modifying agency: NcU
- Modifying agency: WaBeW
- Modifying agency: OCoLC
046 ## - SPECIAL CODED DATES
- Birth date: 1897-06-23
- Death date: 1982-09-03
- Source of date scheme: edtf
053 #0 - LC CLASSIFICATION NUMBER
- Classification number element--single number or beginning number of span: PS3501.N56952
100 1# - HEADING--PERSONAL NAME
- Personal name: Angelo, Valenti,
- Dates associated with a name: 1897-1982
370 ## - ASSOCIATED PLACE
- Place of birth: Massarosa (Italy)
- Place of death: San Francisco (Calif.)
- Associated country: Italy
- Associated country: United States
- Source of term: naf
374 ## - OCCUPATION
- Occupation: Printmakers
- Occupation: Illustrators
- Occupation: Authors
- Source of term: lcsh
378 ## - FULLER FORM OF PERSONAL NAME
- Fuller form of personal name: Valenti Michael
670 ## - SOURCE DATA FOUND
- Source citation: A lytell geste of ... 1932.
670 ## - SOURCE DATA FOUND
- Source citation: S.F. Examiner, Sept. 5, 1982:
- Information found: obituary (d. Sept. 3, 1982)
670 ## - SOURCE DATA FOUND
- Source citation: Wikipedia, Oct. 7, 2013
- Information found: (Valenti Angelo; Valenti Michael Angelo; b. June 23, 1897 in Massarosa, Italy, d. September 3, 1982, San Francisco; Italian-American printmaker, illustrator and author)
- Uniform Resource Identifier: http://en.wikipedia.org/wiki/Valenti_Angelo



